La Música a l'escola : 'Chor infantil escolar' de l'Ateneu Igualadí / Conservatori de l'Ateneu Igualadí 'Chor infantil escolar' de l'Ateneu Igualadí / Conservatori de l'Ateneu Igualadí
Descripción Física:
11 p. ; 15 x 20 cm
Materias:
Cors (Veus d'infants) -- Catalunya
MARC
| LEADER | 00000nam a2200000Ia 4500 | ||
|---|---|---|---|
| 001 | 16540 | ||
| 003 | BGR | ||
| 005 | 20260324180147.0 | ||
| 008 | 160829s1923 xx 000 0 cat d | ||
| 080 | |a Q-279, exp. 5 | ||
| 245 | |a La Música a l'escola : |b 'Chor infantil escolar' de l'Ateneu Igualadí / Conservatori de l'Ateneu Igualadí | ||
| 260 | |a Igualada : |b Impremta Abadal, |c 1923 | ||
| 300 | |a 11 p. ; |c 15 x 20 cm | ||
| 650 | |a Cors (Veus d'infants) |x Catalunya |9 48187 | ||
| 710 | 2 | |a Ateneu Igualadí de la Classe Obrera |9 70534 | |
| 901 | |a Arxiu | ||
| 942 | |n 1 |2 udc |c MON | ||
| 952 | |0 0 |1 0 |4 0 |6 Q279_EXP_5 |7 1 |9 54373 |a Arxiu |b Arxiu |d 2016-12-01 |l 0 |o Q-279, exp. 5 |p 16540 |r 2016-12-01 00:00:00 |w 2016-12-01 |y ARXIU | ||
| 999 | |c 58242 |d 58242 | ||